Statistics for World Currencies That Start With O, Q, V, W and Z

Click here to take the quiz!

General Stats

  • This quiz has been taken 46 times
  • The average score is 6 of 7

Answer Stats

Answer% Correct
JapanYen
100%
North KoreaWon
97%
ChinaYuan
94%
GuatemalaQuetzal
83%
PolandZłoty
83%
VanuatuVatu
64%
MauritaniaOuguiya
39%

Score Distribution

Percentile by Number Answered

Percent of People with Each Score

Your Score History

You have not taken this quiz